Catalog

Record Details

Catalog Search



Ein Volk, ein Reich, ein Glaube? : ehemalige Nationalsozialisten und Zeitzeugen berichten über ihr Leben im Dritten Reich  Cover Image Book Book

Ein Volk, ein Reich, ein Glaube? : ehemalige Nationalsozialisten und Zeitzeugen berichten über ihr Leben im Dritten Reich / Lothar Steinbach

Steinbach, Lothar (Author).

Record details

  • ISBN: 3-8012-3069-4
  • Physical Description: 254 S. : Ill. ; 19 cm
  • Publisher: Bonn : Dietz, 1995

Available copies

  • 1 of 1 copy available at Common Catalog SPOK.

Holds

  • 0 current holds with 1 total copy.
Show Only Available Copies
Location Call Number / Copy Notes Barcode Shelving Location Status Due Date
Terezin Initiative Institute 1081 4594301081 Knihovna ITI Available -

LDR 05664nam a2201177 i 4500
00148815
003CZ-PrJAB
00520221110101300.0
008950906s1995 gw 000 0 ger d
020 . ‡a3-8012-3069-4
035 . ‡a(DE-601)187352925
035 . ‡a(OCoLC)243813076
035 . ‡aT00230870
035 . ‡a(DE-599)DNB944469604
040 . ‡aGBVCP ‡bger ‡cGBVCP
0410 . ‡ager
1001 . ‡aSteinbach, Lothar ‡4aut
24504. ‡aEin Volk, ein Reich, ein Glaube? : ‡behemalige Nationalsozialisten und Zeitzeugen berichten über ihr Leben im Dritten Reich / ‡cLothar Steinbach
260 . ‡aBonn : ‡bDietz, ‡c1995
300 . ‡a254 S. : ‡bIll. ; ‡c19 cm
4900 . ‡aDietz-Taschenbuch ; ‡v69
830 0. ‡aDietz-Taschenbuch
910 . ‡aABE340 ‡b1081
995 . ‡aska
901 . ‡a48815 ‡b ‡c48815 ‡tbiblio

Additional Resources